| 000 | 00858nam a2200301 a 4500 | ||
|---|---|---|---|
| 003 | AR-BaBNM | ||
| 005 | 20251128210054.0 | ||
| 008 | 082120s2002 ||||||||||||||000 | spa|| | ||
| 020 | _a950-23-0707-0 | ||
| 040 | _cAR-BaBNM | ||
| 100 | 1 | _aAzpiazu, Daniel | |
| 245 | 0 | 0 | _aLa concentración en la industria argentina a mediados de los años noventa |
| 250 | _a1ª ed. | ||
| 260 |
_aBuenos Aires _bEudeba _bFlacso _c1998 |
||
| 300 |
_a123 p. _btablas |
||
| 500 | _aAnexo para consultar p. 89-121 | ||
| 504 | _aBibliografía p. 123 | ||
| 650 | 4 | _aECONOMIA | |
| 650 | 4 | _aPOLITICA DE DESARROLLO | |
| 650 | 4 | _aDESARROLLO ECONOMICO Y SOCIAL | |
| 650 | 4 | _aPRODUCCION | |
| 650 | 4 | _aFLUCTUACIONES ECONOMICAS | |
| 650 | 4 | _aPRODUCCION INDUSTRIAL | |
| 650 | 4 | _aDESARROLLO INDUSTRIAL | |
| 653 | _aECONOMIA POLITICA | ||
| 942 | _cBK | ||
| 998 | _cMariana | ||
| 999 |
_c13911 _d13911 |
||